Top 200 Marvel Villains - Statistics

General Stats
  • This quiz has been taken 188 times
  • The average score is 64 of 200
Answer Stats
Answer % Correct
Green Goblin
89%
Loki
89%
Thanos
89%
Doctor Doom
87%
Magneto
86%
Sin
85%
Venom
85%
Doctor Octopus
84%
Red Skull
84%
Galactus
80%
Electro
76%
Sandman
76%
Vulture
76%
Carnage
74%
Ultron
74%
Kingpin
72%
Lizard
72%
Mystique
72%
Kang The Conqueror
70%
Mysterio
70%
Abomination
69%
Hela
69%
Rhino
69%
Dormammu
68%
Mandarin
68%
Baron Zemo
67%
Sabretooth
67%
Ronan The Accuser
65%
M.O.D.O.K.
63%
Scorpion
62%
Kraven the Hunter
60%
Apocalypse
59%
Ego The Living Planet
59%
Hobgoblin
59%
Mephisto
59%
Shocker
59%
Bullseye
58%
Whiplash
57%
Juggernaut
56%
Mister Sinister
56%
Killmonger
54%
Super Skrull
54%
Iron Monger
53%
Taskmaster
53%
Chameleon
52%
Leader
51%
Malekith
50%
Yellow Jacket
50%
Ghost
48%
Toad
48%
Klaw
47%
Morbius
47%
Arnim Zola
46%
Baron Mordo
46%
Pyro
46%
High Evolutionary
44%
Blob
43%
Gorr The God Butcher
43%
Hydro-Man
43%
Absorbing Man
41%
Hammerhead
41%
Sebastian Shaw
41%
Sentinel
41%
Viper
41%
Crossbones
40%
Annihilus
39%
Ebony Maw
39%
Purple Man
39%
Surtur
39%
Tombstone
38%
Baron Strucker
37%
Enchantress
37%
Executioner
37%
Knull
37%
Lady Deathstrike
37%
Omega Red
37%
Proxima Midnight
37%
Silver Samurai
37%
Corvus Glaive
36%
Dark Phoenix
35%
Mole Man
34%
Fin Fang Foom
33%
Jackal
33%
Laufey
33%
Spot
33%
Beyonder
31%
Crimson Dynamo
31%
Cull Obsidian
31%
Nightmare
31%
Titania
31%
Puppet Master
29%
Cassandra Nova
28%
Dracula
28%
Grandmaster
28%
Jigsaw
28%
Justin Hammer
28%
Mister Negative
28%
Batroc the Leaper
27%
William Stryker
27%
Destroyer
26%
Molten Man
26%
Beetle
25%
Daken
25%
Attuma
24%
Blackheart
24%
Maximus
23%
Shadow King
23%
Man Ape
22%
Mastermind
22%
Mojo
21%
Supreme Intelligence
21%
Flag-Smasher
20%
Maestro
20%
Onslaught
20%
Wizard
20%
Avalanche
19%
Bastion
19%
Boomerang
19%
Agatha Harkness
18%
Arcade
18%
Molecule Man
18%
Morlun
18%
Vermin
18%
Jack O'Lantern
17%
Kaine
17%
Mad Thinker
17%
Bolivar Trask
16%
Nimrod
16%
Sauron
16%
Silvermane
16%
Sin-Eater
16%
Tiger Shark
16%
Legion
15%
Madelyne Pryor
15%
Morgan Le Fay
15%
The Hood
15%
The Rose
15%
Wendigo
15%
Whirlwind
15%
Grim Reaper
14%
Madame Masque
14%
Red Ghost
14%
Ares
13%
Black Tarantula
13%
Diablo
13%
Gladiator
12%
Graviton
12%
King Cobra
12%
Moonstone
12%
Selene
12%
Stryfe
12%
Terrax
12%
Master Mold
11%
Spiral
11%
Swarm
11%
Typhoid Mary
11%
Blastaar
10%
Deathbird
10%
Dragon Man
10%
Radioactive Man
10%
Constrictor
9%
Destiny
9%
Shuma-Gorath
9%
Supergiant
9%
Black Tom Cassidy
8%
Count Nefaria
8%
Holocaust
8%
Mangog
8%
Owl
8%
Vulcan
8%
Alistair Smythe
7%
Dark Beast
7%
Donald Pierce
7%
Exodus
7%
Grey Gargoyle
7%
Immortus
7%
Mr. Hyde
7%
Proteus
7%
Unus the Untouchable
7%
Zzzax
7%
Hate-Monger
6%
Mesmero
6%
Nuke
6%
Atlas
5%
Brood
5%
Callisto
5%
Doctor Faustus
5%
Fabian Cortez
5%
Cameron Hodge
4%
Cyber
2%
Danger
2%
Fixer
2%
Nitro
2%
Romulus
2%
Zero
2%
Caliban
1%
Midgard Serpent
1%
Belasco
0%
Kurze
0%
Madcap
0%
No matching quizzes found
Score Distribution
Percent of People with Each Score
Percentile by Number Answered
Your Score History
You have not taken this quiz